[Event "Prvenstvo Sente   SENTA 2014"]
[Site "Senta"]
[Date "2014.01.26"]
[Round "3.11"]
[White "Korponai, Akos"]
[Black "Boros, Tamas I"]
[Result "1-0"]
[WhiteElo "1888"]
[BlackElo "1536"]
[PlyCount "61"]
[EventDate "2014.01.24"]

1. e4 e5 2. Nf3 Nc6 3. Bb5 a6 4. Ba4 b5 5. Bb3 Bc5 6. O-O Nf6 7. Re1 O-O 8. c3
d6 9. d4 exd4 10. cxd4 Bb4 11. Bd2 Bxd2 12. Nbxd2 Bg4 13. Qc2 Nb4 14. Qc3 a5
15. Rac1 Rc8 16. a3 Na6 17. Qxa5 Nb8 18. Qxb5 Bd7 19. Qd3 Re8 20. h3 Nc6 21.
Ng5 Re7 22. e5 dxe5 23. dxe5 Nxe5 24. Rxe5 Rxe5 25. Nxf7 Qe7 26. Nxe5+ Kh8 27.
Nxd7 Nxd7 28. Nf3 h6 29. Bc2 Nf6 30. Nh4 Qe8 31. Ng6+ 1-0

[Event "Prvenstvo Sente   SENTA 2014"]
[Site "Senta"]
[Date "2014.01.26"]
[Round "3.12"]
[White "Farkas, Sandor I"]
[Black "Uveric, Nebojsa"]
[Result "1-0"]
[WhiteElo "1874"]
[BlackElo "1521"]
[PlyCount "83"]
[EventDate "2014.01.24"]

1. e4 e5 2. d4 exd4 3. Qxd4 Nc6 4. Qe3 d6 5. Nc3 Be6 6. f4 Qe7 7. f5 Bd7 8. Nd5
Qh4+ 9. g3 Qd8 10. Bd2 Nf6 11. O-O-O Nxd5 12. exd5+ Ne5 13. Nf3 f6 14. Nd4 Be7
15. Be2 O-O 16. g4 c5 17. Ne6 Bxe6 18. fxe6 a6 19. h4 b5 20. g5 f5 21. Rdf1 c4
22. Bc3 Qc7 23. Bh5 Bd8 24. Bxe5 dxe5 25. Bf7+ Kh8 26. Rxf5 Qa5 27. Qa3 Qxa3
28. bxa3 Be7 29. Rxe5 Bxa3+ 30. Kd1 Ra7 31. Rhe1 Re7 32. R5e4 Bc5 33. Kc1 Rd8
34. Rd1 Rd6 35. Kb2 a5 36. a4 Rb6 37. axb5 Rxb5+ 38. Ka2 Reb7 39. Rxc4 g6 40.
d6 Rb2+ 41. Ka1 Ba3 42. Rc8+ 1-0

[Event "Prvenstvo Sente   SENTA 2014"]
[Site "Senta"]
[Date "2014.01.26"]
[Round "3.13"]
[White "Sakic, Simeon"]
[Black "Djukic, Luka"]
[Result "1-0"]
[WhiteElo "1868"]
[BlackElo "1495"]
[PlyCount "43"]
[EventDate "2014.01.24"]

1. e4 e5 2. Nf3 Nc6 3. Bc4 h6 4. d4 exd4 5. Nxd4 Bc5 6. Nxc6 bxc6 7. O-O Ne7 8.
Bxf7+ Kxf7 9. Qh5+ Kg8 10. Qxc5 Kh7 11. b3 d6 12. Qe3 Ba6 13. c4 Re8 14. Bb2 d5
15. Rd1 Qb8 16. Qd4 Rg8 17. exd5 cxd5 18. cxd5 Qb6 19. Qe4+ Ng6 20. h4 Kh8 21.
h5 Raf8 22. Bd4 1-0

[Event "Prvenstvo Sente   SENTA 2014"]
[Site "Senta"]
[Date "2014.01.26"]
[Round "3.14"]
[White "Boros, Aron"]
[Black "Posa, Janos"]
[Result "0-1"]
[WhiteElo "1420"]
[BlackElo "1866"]
[PlyCount "56"]
[EventDate "2014.01.24"]

1. e4 c6 2. Nf3 d5 3. exd5 cxd5 4. d4 Nf6 5. Nc3 e6 6. Bb5+ Bd7 7. Bxd7+ Nbxd7
8. Bf4 Bb4 9. O-O Bxc3 10. bxc3 Qa5 11. Bd2 Ne4 12. Qe1 Rc8 13. Ne5 Nxe5 14.
dxe5 Nxd2 15. Qxd2 Qxc3 16. Qg5 O-O 17. Rfc1 h6 18. Qe7 Qc7 19. Qa3 b6 20. Qe3
Qc3 21. Qf4 Rc4 22. Qg3 Qxg3 23. hxg3 Rfc8 24. f4 Rxc2 25. Rxc2 Rxc2 26. Kf1 b5
27. Rb1 a6 28. a3 Rc3 0-1

[Event "Prvenstvo Sente   SENTA 2014"]
[Site "Senta"]
[Date "2014.01.26"]
[Round "3.15"]
[White "Racz, Bela"]
[Black "Burany, Karoly"]
[Result "1-0"]
[WhiteElo "1859"]
[BlackElo "1441"]
[PlyCount "49"]
[EventDate "2014.01.24"]

1. d4 d5 2. Nf3 e6 3. c4 f6 4. Nc3 Bb4 5. Bd2 Bxc3 6. Bxc3 c6 7. e3 Ne7 8. Bd3
dxc4 9. Bxc4 b5 10. Bd3 O-O 11. Qc2 f5 12. O-O Bb7 13. Bb4 Nd7 14. Qb3 Rf6 15.
Rac1 Rc8 16. Bd6 Nd5 17. e4 fxe4 18. Bxe4 N7b6 19. Bg3 Qe8 20. Rfe1 h6 21. Ne5
g5 22. Ng4 Nd7 23. Bxd5 cxd5 24. Qxb5 Ba8 25. Qxd7 1-0

[Event "Prvenstvo Sente   SENTA 2014"]
[Site "Senta"]
[Date "2014.01.26"]
[Round "3.16"]
[White "Bicskei, Mihaly"]
[Black "Radisic, Dragoljub"]
[Result "1-0"]
[WhiteElo "1853"]
[BlackElo "1419"]
[PlyCount "53"]
[EventDate "2014.01.24"]

1. e4 e5 2. Nf3 Nc6 3. Bb5 a6 4. Ba4 Nf6 5. O-O b5 6. Bb3 Bc5 7. d3 O-O 8. Bg5
h6 9. Bh4 g5 10. Bg3 d6 11. c3 Bb6 12. Nbd2 Rb8 13. Re1 a5 14. Nf1 b4 15. Ne3
Ba7 16. Rc1 Qd7 17. Nf5 Kh7 18. Ba4 Qe8 19. cxb4 Bd7 20. Bxc6 Bxc6 21. Qd2 Rxb4
22. Nxg5+ Kh8 23. Nf3 Ng4 24. h3 f6 25. hxg4 Qg6 26. Rxc6 Kh7 27. Rxc7+ 1-0

[Event "Prvenstvo Sente   SENTA 2014"]
[Site "Senta"]
[Date "2014.01.26"]
[Round "3.17"]
[White "Nagy Abonyi, Arnold"]
[Black "Ridjicki, Nenad"]
[Result "0-1"]
[WhiteElo "1337"]
[BlackElo "1844"]
[PlyCount "48"]
[EventDate "2014.01.24"]

1. e4 c5 2. c4 Nc6 3. d3 g6 4. Nf3 Bg7 5. Nc3 e6 6. Be2 Nge7 7. Be3 d6 8. O-O
O-O 9. h3 f5 10. Nh2 f4 11. Bd2 Nd4 12. f3 h5 13. Re1 Nxe2+ 14. Qxe2 Nc6 15. a3
Nd4 16. Qd1 a6 17. Rc1 Bd7 18. a4 Qb6 19. Rb1 Nb3 20. Re2 Rf7 21. Be1 Nd4 22.
Rf2 Raf8 23. Ne2 Nb3 24. Nf1 Bxa4 0-1

[Event "Prvenstvo Sente   SENTA 2014"]
[Site "Senta"]
[Date "2014.01.31"]
[Round "4.1"]
[White "Simonyi, Zoltan"]
[Black "Nagy, Attila N"]
[Result "0-1"]
[WhiteElo "2271"]
[BlackElo "2206"]
[PlyCount "72"]
[EventDate "2014.01.24"]

1. c4 c5 2. Nc3 Nf6 3. g3 d5 4. cxd5 Nxd5 5. Bg2 Nc7 6. Qa4+ Bd7 7. Qb3 Nc6 8.
Qxb7 Nd4 9. Kf1 g6 10. d3 Bg7 11. Ne4 Bc8 12. Qxa8 Nxa8 13. Nxc5 Nb6 14. Bd2
O-O 15. Rc1 Ne6 16. b4 Qd4 17. Bc3 Qxc3 18. Rxc3 Bxc3 19. Nb3 Bxb4 20. Nf3 Bd7
21. Ne5 Ba4 22. Bh3 Ng5 23. Kg2 Nxh3 24. Kxh3 Rc8 25. Rc1 Rxc1 26. Nxc1 f6 27.
Nf3 e5 28. e3 Bc6 29. Ng1 a5 30. e4 Nd7 31. Kg4 Nc5 32. f4 Bb5 33. fxe5 fxe5
34. Nf3 Bc3 35. Ne2 Bb2 36. Ne1 Nxd3 0-1

[Event "Prvenstvo Sente   SENTA 2014"]
[Site "Senta"]
[Date "2014.01.31"]
[Round "4.2"]
[White "Pajzer, Istvan"]
[Black "Farkas, Tibor"]
[Result "0-1"]
[WhiteElo "2157"]
[BlackElo "2251"]
[PlyCount "87"]
[EventDate "2014.01.24"]

1. e4 c5 2. Nf3 d6 3. d4 cxd4 4. Nxd4 Nf6 5. Nc3 a6 6. Bg5 Nbd7 7. Qd2 e6 8.
O-O-O b5 9. f3 Bb7 10. g4 h6 11. Be3 Rc8 12. Bd3 Ne5 13. Kb1 b4 14. Nce2 d5 15.
exd5 Nxd5 16. Bf2 Bc5 17. Be4 Qb6 18. Ka1 O-O 19. h4 Nc4 20. Qd3 Nd6 21. g5 h5
22. Bg3 Nxe4 23. fxe4 Ne7 24. Qf3 Bxd4 25. Nxd4 Ng6 26. Rhe1 Rc4 27. Bf2 Qc7
28. Qxh5 Nf4 29. Qf3 e5 30. Nf5 Rxc2 31. Be3 Ng2 32. Rf1 Rc8 33. Rb1 Nxe3 34.
Qxe3 Rc4 35. Ng3 a5 36. h5 a4 37. g6 fxg6 38. hxg6 a3 39. Qb3 Qd6 40. Nf5 Qe6
41. Qh3 axb2+ 42. Rxb2 Rc1+ 43. Rb1 Rxb1+ 44. Rxb1 0-1

[Event "Prvenstvo Sente   SENTA 2014"]
[Site "Senta"]
[Date "2014.01.31"]
[Round "4.3"]
[White "Vranic, Ljubomir"]
[Black "Kecskemeti, Arpad"]
[Result "1-0"]
[WhiteElo "2213"]
[BlackElo "1976"]
[PlyCount "59"]
[EventDate "2014.01.24"]

1. d4 Nf6 2. c4 g6 3. Nc3 Bg7 4. e4 d6 5. Bg5 O-O 6. f4 Nbd7 7. Nf3 a6 8. Qd2
c5 9. d5 b5 10. cxb5 Qb6 11. bxa6 Bxa6 12. Bxa6 Rxa6 13. O-O c4+ 14. Kh1 Nc5
15. e5 Nfe4 16. Nxe4 Nxe4 17. Qe2 Nxg5 18. Nxg5 dxe5 19. fxe5 Qd4 20. e6 f6 21.
Rfd1 Qf4 22. Nh3 Qc7 23. b3 f5 24. Rac1 Qa7 25. Qxc4 Be5 26. a4 f4 27. Qe4 Bd6
28. Ng5 Rb6 29. Qd4 Qb8 30. Nf7 1-0

[Event "Prvenstvo Sente   SENTA 2014"]
[Site "Senta"]
[Date "2014.01.31"]
[Round "4.4"]
[White "Olajos, Gyozo"]
[Black "Sakic, Lorand"]
[Result "0-1"]
[WhiteElo "1676"]
[BlackElo "1987"]
[PlyCount "82"]
[EventDate "2014.01.24"]

1. d4 Nf6 2. c4 c5 3. Nf3 cxd4 4. Nxd4 Nc6 5. Nb3 g6 6. Nc3 Bg7 7. e3 O-O 8.
Bd3 Ne5 9. Be2 b6 10. f4 Nc6 11. Bf3 Ba6 12. Nd2 Rc8 13. b3 d5 14. O-O dxc4 15.
bxc4 Na5 16. Qa4 Bxc4 17. Rd1 Qc7 18. Bb2 Rfd8 19. Rac1 Qc5 20. Nxc4 Nxc4 21.
Rxd8+ Rxd8 22. Nd1 Nxb2 23. Rxc5 Nxa4 24. Rc7 a5 25. Rxe7 Nd5 26. Re4 Ndc3 27.
Rc4 Nxd1 28. Rxa4 Nxe3 29. h3 Nd5 30. Kh2 Nc3 31. Ra3 a4 32. Bc6 Rc8 33. Bxa4
Ra8 34. Rxc3 Bxc3 35. Bb3 Rd8 36. Kg3 Kg7 37. Bc4 f5 38. Kf3 Rd2 39. a4 Bd4 40.
Bb5 h5 41. Bc6 h4 0-1

[Event "Prvenstvo Sente   SENTA 2014"]
[Site "Senta"]
[Date "2014.01.31"]
[Round "4.6"]
[White "Posa, Janos"]
[Black "Kaszas, Viktor"]
[Result "0-1"]
[WhiteElo "1866"]
[BlackElo "2045"]
[PlyCount "38"]
[EventDate "2014.01.24"]

1. d4 Nf6 2. c4 g6 3. Nc3 Bg7 4. e4 O-O 5. Nf3 d6 6. Be2 Nbd7 7. O-O e5 8. d5
Nc5 9. Nd2 a5 10. f3 Nh5 11. Nb3 Nf4 12. Nxc5 dxc5 13. Be3 Qg5 14. Bxf4 exf4
15. Qd2 Bd4+ 16. Kh1 Qh5 17. Bd3 g5 18. Rae1 Ra6 19. Nd1 Qxh2+ 0-1

[Event "Prvenstvo Sente   SENTA 2014"]
[Site "Senta"]
[Date "2014.01.31"]
[Round "4.7"]
[White "Vucurovic, Nebojsa"]
[Black "Racz, Bela"]
[Result "1-0"]
[WhiteElo "2016"]
[BlackElo "1859"]
[PlyCount "129"]
[EventDate "2014.01.24"]

1. e4 c6 2. Nc3 d5 3. Nf3 dxe4 4. Nxe4 Bf5 5. Ng3 Bg6 6. d4 e6 7. Bd3 Bd6 8.
Bxg6 hxg6 9. Ne4 Be7 10. O-O Nd7 11. Bf4 Ndf6 12. Neg5 Nd5 13. Nxf7 Kxf7 14.
Ne5+ Ke8 15. Nxg6 Rh7 16. Bg3 Bd6 17. Qg4 Nc7 18. Bxd6 Qxd6 19. Ne5 Ne7 20.
Rad1 g6 21. c4 Kd8 22. Qf4 Kc8 23. Rfe1 b6 24. Nxg6 Qxf4 25. Nxf4 Kd7 26. Nd3
Rah8 27. Ne5+ Kc8 28. h3 Rd8 29. Rd3 Kb7 30. Red1 Rf8 31. b4 Rg7 32. g3 b5 33.
cxb5 cxb5 34. Nd7 Rd8 35. Nc5+ Kb6 36. Re1 Rg6 37. a4 bxa4 38. Nxa4+ Kb7 39.
Nc5+ Ka8 40. b5 Ned5 41. Kh2 Re8 42. Rb1 Nb6 43. Ra3 Rd8 44. Ra5 Nc4 45. Ra2
Nb6 46. Rba1 Nc4 47. b6 Nxb6 48. Rxa7+ Kb8 49. Rb7+ Kc8 50. Rxb6 Rxd4 51. Rc6
Kd8 52. Ra7 Rg7 53. Rxe6 Rd5 54. Rc6 Re5 55. Nd3 Rd5 56. Nf4 Re5 57. h4 Rh7 58.
Rd6+ Kc8 59. Nd5 Rf7 60. Rxc7+ Rxc7 61. Nxc7 Kxc7 62. Rf6 Kd7 63. g4 Ke7 64.
Ra6 Kf7 65. Kg3 1-0

[Event "Prvenstvo Sente   SENTA 2014"]
[Site "Senta"]
[Date "2014.01.31"]
[Round "4.8"]
[White "Toth, Kazmer"]
[Black "Bicskei, Mihaly"]
[Result "1-0"]
[WhiteElo "1978"]
[BlackElo "1853"]
[PlyCount "55"]
[EventDate "2014.01.24"]

1. d4 Nf6 2. c4 b6 3. Nf3 Bb7 4. g3 e6 5. Bg2 Be7 6. Nc3 O-O 7. O-O d5 8. b3
Nbd7 9. cxd5 exd5 10. Re1 Bb4 11. Bb2 Ne4 12. Rc1 f5 13. e3 c6 14. Re2 Qe7 15.
Rec2 Rac8 16. Ne1 Ndf6 17. Nd3 Bd6 18. Ne2 g5 19. f3 Nxg3 20. Nxg3 Qxe3+ 21.
Kh1 Bxg3 22. hxg3 Nh5 23. Kh2 f4 24. Re2 fxg3+ 25. Kh1 Rce8 26. Rxe3 Rxe3 27.
Qd2 Rfe8 28. Ne5 1-0

[Event "Prvenstvo Sente   SENTA 2014"]
[Site "Senta"]
[Date "2014.01.31"]
[Round "4.9"]
[White "Mrzic, Branko"]
[Black "Aleksic, Zvonimir"]
[Result "1/2-1/2"]
[WhiteElo "1855"]
[BlackElo "1936"]
[PlyCount "121"]
[EventDate "2014.01.24"]

1. e4 e6 2. d4 d5 3. Nc3 Nf6 4. Bg5 Be7 5. e5 Nfd7 6. Bxe7 Qxe7 7. f4 a6 8. a3
c5 9. Nf3 Nc6 10. Ne2 b5 11. c3 cxd4 12. cxd4 Nb6 13. b3 Bd7 14. Nc1 Rc8 15.
Nd3 Rc7 16. Nc5 Bc8 17. b4 Nd7 18. Be2 Nxc5 19. dxc5 O-O 20. O-O f6 21. Qd2 Bd7
22. Bd3 f5 23. Bc2 Be8 24. a4 a5 25. axb5 Nxb4 26. Kh1 Rxc5 27. Ba4 Bxb5 28.
Bxb5 Rxb5 29. Nd4 Rc5 30. Nb3 Rc2 31. Qd4 Rc4 32. Qb6 Nd3 33. Nxa5 Rxf4 34.
Rxf4 Nxf4 35. Qe3 Ng6 36. Nc6 Qc7 37. Rc1 Re8 38. g3 Qb7 39. Nd4 Qa7 40. h4 f4
41. gxf4 Nxh4 42. Qd3 Qa2 43. Qc2 Qa7 44. Qc5 Qf7 45. Ne2 Qh5 46. Qf2 Ng6+ 47.
Kg1 Rf8 48. Rf1 Nxe5 49. Qg2 Ng6 50. Qf3 Qf5 51. Rf2 Rb8 52. Nd4 Qb1+ 53. Kh2
Qe1 54. f5 Qe5+ 55. Qg3 Qxd4 56. Qxb8+ Nf8 57. Qg3 exf5 58. Rxf5 Qd2+ 59. Rf2
Qh6+ 60. Kg2 Qg6 61. Rd2 1/2-1/2

[Event "Prvenstvo Sente   SENTA 2014"]
[Site "Senta"]
[Date "2014.01.31"]
[Round "4.10"]
[White "Ridjicki, Nenad"]
[Black "Davidovic, Zoran"]
[Result "1-0"]
[WhiteElo "1844"]
[BlackElo "1907"]
[PlyCount "77"]
[EventDate "2014.01.24"]

1. e4 e6 2. f4 Nf6 3. e5 Ne4 4. Qf3 d5 5. d3 Nc5 6. Nd2 Nc6 7. c3 b6 8. d4 Nb7
9. Bd3 Ne7 10. Ne2 c5 11. b3 g6 12. Ng3 Bd7 13. Bb2 h5 14. h4 a5 15. a4 Bc6 16.
Qf2 cxd4 17. cxd4 Rc8 18. Rc1 Bd7 19. O-O Nc6 20. Nf3 Be7 21. Ng5 Nb4 22. Bb1
Rc6 23. Rxc6 Nxc6 24. Rc1 Bb4 25. Bc3 Qe7 26. Ne2 Bxc3 27. Rxc3 Qb4 28. Kh2
Nbd8 29. Bd3 Ne7 30. Qf3 Ndc6 31. Bb5 Nxd4 32. Nxd4 Qxd4 33. Nxf7 Bxb5 34. Nxh8
Bd7 35. Qg3 Kf8 36. Rc7 Be8 37. Qg5 Ng8 38. Rc8 Kg7 39. Rxe8 1-0

[Event "Prvenstvo Sente   SENTA 2014"]
[Site "Senta"]
[Date "2014.01.31"]
[Round "4.11"]
[White "Pilisi, Lukacs"]
[Black "Sarnyai, Daniel"]
[Result "1/2-1/2"]
[WhiteElo "1898"]
[BlackElo "1828"]
[PlyCount "99"]
[EventDate "2014.01.24"]

1. d3 g6 2. c4 Bg7 3. g3 Nf6 4. Nc3 O-O 5. Bg2 d6 6. f4 c5 7. Nf3 Nc6 8. O-O e6
9. e3 d5 10. cxd5 Nxd5 11. Nxd5 exd5 12. a3 Bf5 13. Nh4 Ne7 14. Nxf5 Nxf5 15.
Qb3 d4 16. e4 Ne3 17. Bxe3 dxe3 18. e5 Qd4 19. Kh1 Rad8 20. Be4 b6 21. Rae1 Kh8
22. Re2 f5 23. exf6 Bxf6 24. Rf3 g5 25. Rfxe3 gxf4 26. gxf4 Bh4 27. Rf3 Rg8 28.
Rg2 Rxg2 29. Kxg2 Rg8+ 30. Kh3 Qd7+ 31. f5 Qg7 32. Qxg8+ Qxg8 33. Kxh4 Qf7 34.
f6 Kg8 35. Kg5 Kf8 36. Kh6 Qc7 37. h4 Qh2 38. h5 Qxb2 39. Kxh7 c4 40. dxc4 Qe5
41. Bg6 Qc7+ 42. Kh6 Qxc4 43. f7 Qd4 44. Rd3 Qg7+ 45. Kg5 Qe5+ 46. Kg4 Qe6+ 47.
Kf4 Qf6+ 48. Ke3 Qe5+ 49. Kd2 Qb2+ 50. Ke1 1/2-1/2

[Event "Prvenstvo Sente   SENTA 2014"]
[Site "Senta"]
[Date "2014.01.31"]
[Round "4.12"]
[White "Soklovacki, Mila"]
[Black "Korponai, Akos"]
[Result "1/2-1/2"]
[WhiteElo "1632"]
[BlackElo "1888"]
[PlyCount "80"]
[EventDate "2014.01.24"]

1. e4 c5 2. Nf3 g6 3. d4 cxd4 4. Nxd4 Bg7 5. Be3 Nc6 6. c3 Nf6 7. Nd2 O-O 8.
Bc4 Ne5 9. Be2 d5 10. Qc2 b6 11. O-O Bb7 12. exd5 Nxd5 13. Bg5 h6 14. Bh4 Nf4
15. N2f3 Qd7 16. Bg3 Nxe2+ 17. Qxe2 Nxf3+ 18. Nxf3 Qg4 19. Qxe7 Bxf3 20. gxf3
Qxf3 21. Rfe1 h5 22. Re3 Qg4 23. Qh4 Qf5 24. Qe4 Qb5 25. Qc2 Bf6 26. Rae1 Rad8
27. Be5 Bxe5 28. Rxe5 Qc4 29. b3 Qg4+ 30. Kh1 Qf3+ 31. Kg1 Rc8 32. R5e3 Qf6 33.
c4 Rc5 34. Re8 Rxe8 35. Rxe8+ Kg7 36. Re3 Kh7 37. Qc3 Qf5 38. Qd3 Qg5+ 39. Kf1
Qf6 40. Qc3 Qf5 1/2-1/2

[Event "Prvenstvo Sente   SENTA 2014"]
[Site "Senta"]
[Date "2014.01.31"]
[Round "4.13"]
[White "Farkas, Sandor I"]
[Black "Vilagos, Emil"]
[Result "0-1"]
[WhiteElo "1874"]
[BlackElo "1626"]
[PlyCount "64"]
[EventDate "2014.01.24"]

1. e4 Nf6 2. e5 Nd5 3. c4 Nb6 4. b3 Nc6 5. Bb2 d6 6. exd6 exd6 7. d4 Bf5 8. Bd3
Bxd3 9. Qxd3 Be7 10. Nf3 Bf6 11. O-O O-O 12. Nc3 Re8 13. Ne4 d5 14. Nxf6+ Qxf6
15. Ne5 Rad8 16. f4 dxc4 17. bxc4 Nxe5 18. fxe5 Qxe5 19. Rf3 Qe2 20. Qf5 Qxb2
21. Qxf7+ Kh8 22. Raf1 Qxd4+ 23. Kh1 Rg8 24. Rh3 h6 25. Qg6 Qd6 26. Qc2 c5 27.
Qc1 Qd2 28. Qa1 Rd4 29. g4 Rxg4 30. Rf2 Qd4 31. Qc1 Qe4+ 32. Rff3 Rg6 0-1

[Event "Prvenstvo Sente   SENTA 2014"]
[Site "Senta"]
[Date "2014.01.31"]
[Round "4.18"]
[White "Grbin, Stefan"]
[Black "Nagy Abonyi, Arnold"]
[Result "1-0"]
[WhiteElo "1609"]
[BlackElo "1337"]
[PlyCount "57"]
[EventDate "2014.01.24"]

1. d4 e6 2. c4 d5 3. Nc3 c6 4. e3 Nf6 5. Nf3 Bb4 6. Bd2 h6 7. Qc2 Bd7 8. Ne5
O-O 9. Qb3 Bxc3 10. Bxc3 Qb6 11. Bb4 Rc8 12. c5 Qc7 13. Bd3 a5 14. Bd2 a4 15.
Qa3 Be8 16. O-O Nbd7 17. f4 Nxe5 18. fxe5 Ne4 19. Bxe4 dxe4 20. Rf4 b5 21. Rxe4
g5 22. Rg4 Kh8 23. Rf1 Qe7 24. Rf6 Qf8 25. e4 Kh7 26. Qh3 Qg7 27. Bxg5 Qxg5 28.
Rxg5 Ra7 29. Qxh6# 1-0

[Event "Prvenstvo Sente   SENTA 2014"]
[Site "Senta"]
[Date "2014.02.08"]
[Round "5.1"]
[White "Nagy, Attila N"]
[Black "Pajzer, Istvan"]
[Result "1/2-1/2"]
[WhiteElo "2206"]
[BlackElo "2157"]
[PlyCount "85"]
[EventDate "2014.01.24"]

1. g3 Nf6 2. Bg2 g6 3. c4 Bg7 4. Nc3 O-O 5. e3 c5 6. Nge2 Nc6 7. O-O d6 8. d3
h6 9. a3 Bf5 10. Rb1 Qd7 11. Nf4 g5 12. Nfd5 Ne5 13. e4 Bg4 14. f3 Nxd5 15.
Nxd5 Bh5 16. b4 e6 17. Ne3 cxb4 18. axb4 b5 19. Qb3 Rab8 20. f4 gxf4 21. gxf4
Nc6 22. Nc2 bxc4 23. dxc4 Kh7 24. Qh3 Be2 25. Rf2 Bxc4 26. f5 exf5 27. Ne3 Ne5
28. Nxc4 Nxc4 29. exf5 Rbe8 30. Bf4 d5 31. Qd3 Kh8 32. f6 Bxf6 33. Bxh6 Ne5 34.
Qd1 Bg7 35. Bxg7+ Kxg7 36. Rb3 Ng6 37. Qd4+ Kg8 38. Rf1 Re5 39. Rd3 Rd8 40. Ra3
Re7 41. Ra5 Qe6 42. Bxd5 Qb6 43. Qxb6 1/2-1/2

[Event "Prvenstvo Sente   SENTA 2014"]
[Site "Senta"]
[Date "2014.02.08"]
[Round "5.2"]
[White "Farkas, Tibor"]
[Black "Vranic, Ljubomir"]
[Result "1-0"]
[WhiteElo "2251"]
[BlackElo "2213"]
[PlyCount "81"]
[EventDate "2014.01.24"]

1. e4 d6 2. d4 Nf6 3. f3 Nbd7 4. Be3 c6 5. Qd2 e5 6. Nc3 Be7 7. Nge2 Nb6 8. b3
O-O 9. d5 cxd5 10. Nxd5 Nfxd5 11. exd5 Bf5 12. c4 Nd7 13. Nc3 a6 14. Be2 Qa5
15. O-O Bg6 16. Rfd1 Rfc8 17. a3 Bf6 18. b4 Qd8 19. Na4 b5 20. Nb2 e4 21. Rac1
exf3 22. gxf3 bxc4 23. Nxc4 Qe7 24. Bf4 Be5 25. Nxe5 Nxe5 26. Bxe5 Qxe5 27.
Bxa6 Rcb8 28. b5 h6 29. a4 Rxa6 30. bxa6 Rb2 31. a7 Rxd2 32. a8=Q+ Kh7 33. Rxd2
Qg5+ 34. Kh1 Qxd2 35. Qc6 Qf4 36. Qc3 Qxa4 37. Qd2 Qb3 38. Kg2 Bf5 39. Rc6 g5
40. Rxd6 g4 41. Qxh6+ 1-0

[Event "Prvenstvo Sente   SENTA 2014"]
[Site "Senta"]
[Date "2014.02.08"]
[Round "5.4"]
[White "Sente, Damir"]
[Black "Toth, Kazmer"]
[Result "1-0"]
[WhiteElo "2103"]
[BlackElo "1978"]
[PlyCount "102"]
[EventDate "2014.01.24"]

1. e4 d6 2. d4 Nf6 3. Nc3 c6 4. Nf3 g6 5. h3 Bg7 6. Be3 b5 7. Bd3 Qc7 8. O-O
O-O 9. Ne2 Bb7 10. Ng3 e5 11. c3 Nbd7 12. Qd2 Rfe8 13. Ng5 h6 14. Nf3 Kh7 15.
Nh2 Re7 16. f4 a6 17. Rae1 Rae8 18. Qc2 c5 19. fxe5 dxe5 20. d5 c4 21. Be2 Qd6
22. a4 Nc5 23. axb5 axb5 24. Nf3 Ra8 25. Nd2 Bc8 26. Ra1 Rb8 27. b3 cxb3 28.
Nxb3 Nxb3 29. Qxb3 Reb7 30. Qb4 Ne8 31. Bc5 Qd8 32. Kh2 Kg8 33. Ba7 Ra8 34. Bb6
Rxb6 35. Rxa8 Bf8 36. Qa5 Bc5 37. Bg4 Nd6 38. Rxc8 Nxc8 39. Qa8 f5 40. exf5 Qc7
41. fxg6 Rb8 42. Qa2 Nd6 43. Nf5 e4 44. Kh1 Kh8 45. Nxh6 Qg7 46. Nf7+ Nxf7 47.
gxf7 Qxc3 48. d6 Bxd6 49. Qe6 Bf8 50. Qg6 Qg7 51. Qh5+ Qh7 1-0

[Event "Prvenstvo Sente   SENTA 2014"]
[Site "Senta"]
[Date "2014.02.08"]
[Round "5.5"]
[White "Kaszas, Viktor"]
[Black "Ridjicki, Nenad"]
[Result "1-0"]
[WhiteElo "2045"]
[BlackElo "1844"]
[PlyCount "115"]
[EventDate "2014.01.24"]

1. e4 c5 2. Nf3 Nc6 3. Nc3 e5 4. Bc4 d6 5. d3 Be6 6. Nd2 Nf6 7. Nf1 d5 8. exd5
Nxd5 9. Ne3 Nxc3 10. bxc3 Bxc4 11. Nxc4 Be7 12. Qg4 Bf6 13. Be3 Qe7 14. O-O O-O
15. Nd2 b6 16. Ne4 Qd8 17. f4 exf4 18. Rxf4 Be5 19. Rf3 f5 20. Rxf5 Rxf5 21.
Qxf5 Qe7 22. Bg5 Qf7 23. Qxf7+ Kxf7 24. Rf1+ Ke6 25. Bf4 Bxf4 26. Rxf4 h6 27.
Kf2 Ne7 28. Ke2 Nd5 29. Rf3 Rd8 30. c4 Nb4 31. c3 Nc6 32. Re3 Ne5 33. Nd2 Kf5
34. h3 Rd7 35. Nf3 Ng6 36. g3 Rc7 37. Re4 Ne7 38. g4+ Kf6 39. h4 a6 40. a4 g6
41. Ne5 Nc6 42. Nxc6 Rxc6 43. Ke3 g5 44. h5 Rc7 45. Re8 Kf7 46. Re5 Kf6 47. Ke4
Rd7 48. d4 Kf7 49. dxc5 bxc5 50. Rxc5 Rd1 51. Rc7+ Kf6 52. Rc6+ Kg7 53. Rg6+
Kh7 54. Rxa6 Re1+ 55. Kd5 Rc1 56. Ra7+ Kg8 57. c5 Rxc3 58. c6 1-0

[Event "Prvenstvo Sente   SENTA 2014"]
[Site "Senta"]
[Date "2014.02.08"]
[Round "5.6"]
[White "Vilagos, Emil"]
[Black "Vucurovic, Nebojsa"]
[Result "0-1"]
[WhiteElo "1626"]
[BlackElo "2016"]
[PlyCount "56"]
[EventDate "2014.01.24"]

1. e4 e6 2. d4 d5 3. exd5 exd5 4. Nf3 Bd6 5. Bd3 Nf6 6. Bg5 Bg4 7. O-O O-O 8.
Nbd2 Nbd7 9. c4 dxc4 10. Nxc4 Be7 11. Nce5 Bh5 12. Qc2 h6 13. Bh4 Bxf3 14. Nxf3
Nd5 15. Bxe7 Qxe7 16. Rfe1 Qd6 17. a3 Rfe8 18. Rad1 c6 19. Bc4 N7f6 20. Ne5 Re7
21. Ba2 Rae8 22. Bb1 Nf4 23. Re3 Ne6 24. h4 Nxd4 25. Nxf7 Nxc2 26. Nxd6 Nxe3
27. fxe3 Rd8 28. Bc2 Red7 0-1

[Event "Prvenstvo Sente   SENTA 2014"]
[Site "Senta"]
[Date "2014.02.08"]
[Round "5.7"]
[White "Kecskemeti, Arpad"]
[Black "Mrzic, Branko"]
[Result "1/2-1/2"]
[WhiteElo "1976"]
[BlackElo "1855"]
[PlyCount "34"]
[EventDate "2014.01.24"]

1. e4 c5 2. Nf3 a6 3. d4 cxd4 4. Nxd4 Qc7 5. Nc3 e6 6. Bd3 Bc5 7. Nb3 Ba7 8.
Qg4 g6 9. O-O Nc6 10. Kh1 Ne5 11. Qe2 h5 12. f4 Ng4 13. e5 d5 14. exd6 Qxd6 15.
Ne4 Qc7 16. Bd2 Qe7 17. Bc3 Nxh2 1/2-1/2

[Event "Prvenstvo Sente   SENTA 2014"]
[Site "Senta"]
[Date "2014.02.08"]
[Round "5.8"]
[White "Aleksic, Zvonimir"]
[Black "Olajos, Gyozo"]
[Result "1-0"]
[WhiteElo "1936"]
[BlackElo "1676"]
[PlyCount "85"]
[EventDate "2014.01.24"]

1. e4 c5 2. Nf3 d6 3. d4 cxd4 4. Nxd4 Nf6 5. Nc3 a6 6. Bc4 e6 7. Bb3 g6 8. Bg5
Be7 9. Bh6 Bd7 10. f3 Nc6 11. a3 Qb6 12. Be3 Qc7 13. Qd2 Bf8 14. O-O-O Na5 15.
Bg5 Be7 16. Ba2 O-O 17. Bh6 Rfd8 18. h4 Nc4 19. Bxc4 Qxc4 20. Qd3 Qc7 21. g4 e5
22. Nb3 Be6 23. Nd5 Nxd5 24. exd5 Bd7 25. Bd2 Bb5 26. Qe4 Bf6 27. g5 Bg7 28. h5
Rac8 29. hxg6 fxg6 30. Bc3 b6 31. Rh2 Rd7 32. Rdh1 Bh8 33. f4 Re7 34. Qxg6+ Rg7
35. Qe6+ Kf8 36. fxe5 Rd8 37. exd6 Qf7 38. Qxf7+ Kxf7 39. Rxh7 Rxh7 40. Rxh7+
Kg6 41. Rxh8 Rd7 42. Bf6 Rxd6 43. Rd8 1-0

[Event "Prvenstvo Sente   SENTA 2014"]
[Site "Senta"]
[Date "2014.02.08"]
[Round "5.9"]
[White "Vrabel, Mate"]
[Black "Pilisi, Lukacs"]
[Result "0-1"]
[WhiteElo "1513"]
[BlackElo "1898"]
[PlyCount "108"]
[EventDate "2014.01.24"]

1. e4 c5 2. Nf3 Nc6 3. Bb5 Qb6 4. Nc3 a6 5. Nd5 Qd8 6. Bxc6 dxc6 7. Nc3 b5 8.
h3 Nf6 9. d3 g6 10. Be3 Nd7 11. Qd2 Bg7 12. Bh6 O-O 13. Bxg7 Kxg7 14. O-O-O f6
15. Qe3 e5 16. Nd2 Qe7 17. f4 a5 18. f5 a4 19. Ne2 b4 20. c4 bxc3 21. Nxc3 Rd8
22. Nc4 Ba6 23. g4 Bb5 24. h4 Bxc4 25. dxc4 Nb6 26. Rxd8 Rxd8 27. b3 axb3 28.
axb3 Rd4 29. Ne2 Qa7 30. Kb2 Nxc4+ 31. bxc4 Rxc4 32. Nc3 Rb4+ 33. Kc2 Qa3 34.
Rc1 Qb2+ 35. Kd1 Rd4+ 36. Ke1 Qh2 37. Qf2 Qh1+ 38. Qf1 Qxh4+ 39. Ke2 Qxg4+ 40.
Qf3 Qg5 41. Qe3 Qg2+ 42. Qf2 Rd2+ 43. Kxd2 Qxf2+ 44. Ne2 gxf5 45. exf5 Qxf5 46.
Rxc5 Qe4 47. Rc1 h5 48. Rg1+ Kf7 49. Ke1 h4 50. Kf2 h3 51. Ng3 Qf4+ 52. Ke1 h2
53. Rg2 Qxg3+ 54. Rxg3 h1=Q+ 0-1